000 01465nam a2200373 i 4500
001 11865
003 KOSZ 005
005 20221229134123.0
008 070917s1969 pl a f 000 0 pol
015 _aPB 1969/8716
040 _aWA N
_cKOSZ 005/RW
_dKOSZ 005/RW
_dKOSZ 005/HR
041 0 _apol
_hrus
046 _k1969
080 _a656.56
080 _a005.6
100 1 _aDubovikov, Boris Aleksandrovič
_eAutor
245 1 0 _aPodstawy naukowej organizacji kierowania jakością :
_bpraktyka i teoria systemu organizacji pracy bezusterkowej /
_c A. Dubowikow ; [tł. Julian Leszczyński, Lesław Wasilewski].
246 1 _iTyt. oryg.:
_aOsnovy naučnoj organizacii upravleniâ kačestvom.
260 _aWarszawa :
_bPaństwowe Wydawnictwo Ekonomiczne,
_c1969.
300 _a411, [1] s., [2] k. tabl. :
_bil. ;
_c18 cm.
336 _2rdacontent
_aTekst
_btxt
337 _2rdamedia
_aBez urządzenia pośredniczącego
_bn
338 _2rdacarrier
_aWolumin
_bnc
380 _aKsiążki
388 _a1901-
650 4 _aProdukcja
650 4 _aZarządzanie jakością
658 _aZarządzanie i marketing
700 1 _aLeszczyński, Julian
_eTłumaczenie
700 1 _aWasilewski, Lesław
_d(1933-1999)
_eTłumaczenie
710 2 _aPaństwowe Wydawnictwo Ekonomiczne
_4pbl.
856 _uhttp://koha.tu.koszalin.pl/cgi-bin/koha/opac-detail.pl?biblionumber=11865
_yKatalog online BPK
942 _2UKD
_cKS
999 _c11865
_d11865